FACILITY MANAGEMENT RISK AND OPPORTUNITIES / (Record no. 589425)
[ view plain ]
| 000 -LEADER | |
|---|---|
| fixed length control field | 00341nam a22001337a 4500 |
| 020 ## - INTERNATIONAL STANDARD BOOK NUMBER | |
| Qualifying information | HB. |
| 040 ## - CATALOGING SOURCE | |
| Transcribing agency | FIZZA ISHAQ |
| 082 ## - DEWEY DECIMAL CLASSIFICATION NUMBER | |
| Classification number | 658.2 |
| Author Mark | BEV |
| 100 ## - MAIN ENTRY--PERSONAL NAME | |
| Personal name | PETER, NUTT BEV. |
| 9 (RLIN) | 91249 |
| 245 ## - TITLE STATEMENT | |
| Title | FACILITY MANAGEMENT RISK AND OPPORTUNITIES / |
| Statement of responsibility, etc. | BEV NUTT PETER. |
| 260 ## - PUBLICATION, DISTRIBUTION, ETC. | |
| Place of publication, distribution, etc. | NEW YORK ; |
| Name of publisher, distributor, etc. | WILEY, |
| Date of publication, distribution, etc. | 2000. |
| 300 ## - PHYSICAL DESCRIPTION | |
| Extent | 298 P. ; |
| 942 ## - ADDED ENTRY ELEMENTS (KOHA) | |
| Source of classification or shelving scheme | |
| Koha item type | Book |
| Withdrawn status | Lost status | Source of classification or shelving scheme | Damaged status | Not for loan | Permanent Location | Current Location | Date acquired | Total Checkouts | Full call number | Barcode | Date last seen | Price effective from | Koha item type |
|---|---|---|---|---|---|---|---|---|---|---|---|---|---|
| NUST Baluchistan Campus (NBC) | NUST Baluchistan Campus (NBC) | 04/27/2022 | 658.2 BEV | Q-3101 | 04/27/2022 | 04/27/2022 | Book |
